[Event "Moscow Aeroflot op-A 16th"]
[Site "Moscow"]
[Date "2017.02.24"]
[Round "4"]
[White "Adhiban, Baskaran"]
[Black "Ramirez Alvarez, Alejandro"]
[Result "0-1"]
[WhiteElo "2683"]
[BlackElo "2563"]
[Annotator "Adhiban,B"]
[PlyCount "66"]
[EventDate "2017.02.21"]
[EventType "swiss"]
[EventRounds "9"]
[EventCountry "RUS"]
[SourceTitle "CBM 178"]
[Source "ChessBase"]
[SourceDate "2017.05.14"]
[SourceVersion "1"]
[SourceVersionDate "2017.05.14"]
[SourceQuality "1"]

{This was one of my favourite games from my Russian nightmare - The Aeroflot
Open!} 1. Nf3 c5 2. c4 b6 3. d4 (3. g3 Bb7 4. Bg2 Nf6 5. O-O {Here we reach a
major deviation, Black has two types of pawn formations.} g6 (5... e6 {is the
hedgehog type.} 6. Nc3 Be7 7. d4 cxd4 8. Qxd4 d6 9. Bg5 a6 10. Bxf6 Bxf6 11.
Qf4 O-O 12. Rfd1 Be7 13. Ne4 Bxe4 14. Qxe4 Ra7 15. Nd4 {was an impressive
display in (Carlsen-Gashimov 2012)}) 6. d4 cxd4 7. Qxd4 Bg7 8. Nc3 d6 (8... Nc6
{is tempting, but the knight is better placed on d7.} 9. Qf4 ({The following
game is one of the best games I have played if you look with a human eye and
one of the worst if you look with a computer!} 9. Qh4 h6 $1 10. Nd5 ({It was
better to accept the mistake and come back with} 10. Qf4 $5) 10... Rc8 11. Nd2
Na5 (11... e6 $1 {would have given Black a huge advantage!}) 12. Ne3 {Now
things are not so bad for White anymore.} Bxg2 13. Kxg2 O-O 14. Rd1 Qc7 15. b3
$1 {Braveheart!} Qb7+ 16. Kg1 g5 $6 {An unnecessary provocation.} 17. Qh3 Ne4
18. Nf5 $3 {A whole rook sacrifice!} Bxa1 19. Nxe7+ Kg7 20. Nf5+ Kg8 21. Nxh6+
Kg7 22. Nf5+ Kg8 23. Qg4 $3 {One of the toughest moves of the game!} Rfe8 24.
Nxe4 Qxe4 25. Qxg5+ Kh7 26. Rxd7 Rc6 (26... Qe6 {White has many ways to win
here after} 27. Qh5+ Kg8 28. Rxf7 {is one of the simplest.}) 27. Rxf7+ Kh8 28.
Qh5+ Kg8 29. Qh7# {1-0 (29) Adhiban,B (2677)-Swayams,M (2465) Pune IND 2016})
9... Qb8 10. Rd1 Qxf4 11. Bxf4 {(So-Ashwin Pro Chess League INT 2017) was a
solid plus for White.}) 9. b3 $5 {is Eljanov's preference.} (9. Rd1 Nbd7 10.
Be3 Rc8 11. Rac1 O-O 12. Qh4 a6 13. b3 Re8 ({Another branch is} 13... Rc7 $5
14. Bh3 Qb8) 14. Bh3 Ba8 {Black is holding well in this line.}) 9... Nbd7 10.
Bb2 O-O 11. Rfd1 Ne4 12. Qe3 Nxc3 13. Bxc3 Bxc3 14. Qxc3 Qc7 15. Qe3 Nf6 16.
Rd4 $1 {Starting the kingside onslaught!} h5 (16... Bxf3 $5 {would have been a
safer option getting rid of the knight.}) 17. Qh6 Qc5 18. Rad1 Rad8 (18... Bxf3
19. Bxf3 Rad8 20. Rd5 Nxd5 21. Rxd5 {followed by Rxh5 with a crushing attack.}
Qa3 22. Rxh5 $1 gxh5 23. Be4 {winning.}) 19. Ng5 e5 20. Bxb7 exd4 21. Bd5 {
(Eljanov-Karjakin World Cup Tromsoe 2013) A crushing victory for White.}) ({
Another good alternative was} 3. Nc3 Bb7 4. e4 e6 5. d4 cxd4 6. Nxd4 {with a
complex fight.}) 3... cxd4 4. Nxd4 Bb7 5. f3 (5. Nc3 Nf6 {and now only} 6. f3 {
[%cal Ge2e4] followed by e4 and we will reach a Maroczy bind.} Nc6 (6... d5 7.
cxd5 Nxd5 8. Nxd5) 7. e4 e6 8. Be3 Bc5 9. Qd2 O-O 10. Be2 (10. Nxc6 Bxc6 {
(Ponkratov-Kamsky 2016) was slightly worse for Black.}) 10... d5 {
(Radek-Salgado 2014) with full equality, although White showed nice technique
to win the game.}) 5... e6 $5 6. e4 ({It was possible to gain a pleasant
position after} 6. Nb5 $1 Qh4+ (6... d6 7. Bf4 $1 (7. e4 a6 8. Nd4 {White just
lost a tempo for no reason :).}) 7... e5 8. Bg3 $14) 7. g3 Qxc4 8. e4 (8. N1c3
a6 9. Nd6+ Bxd6 10. Qxd6 Qc5 11. Bf4 Qxd6 12. Bxd6 Ne7) 8... Qc5 9. Bf4 e5 10.
b4 $1 Qe7 (10... Qxb4+ 11. Bd2 Qc5 12. N1a3 $16) 11. Be3 $36 {with strong
compensation for the pawn.}) 6... Nc6 ({Black could have actually even played} 
6... Qh4+ $5 7. g3 Qd8 8. Nc3 Nc6 9. Be3 {Later on I can follow up with Bg2 if
needed, hence it shouldn't be such a big deal.}) 7. Nc3 Qb8 $5 ({Black could
have tried to play without Qb8.} 7... Bc5 $5 8. Be3 Nge7) 8. Be3 Bc5 (8... Bd6
{I can coolly ignore with} 9. Qd2) 9. Qd2 Nge7 10. O-O-O O-O 11. Ndb5 $6 {
I played this without thinking,since it looked so natural, fighting for the
d4-square!} ({Always look out for tactics!} 11. Nxc6 $1 {White wins a pawn
after both ...Bxc6 and ...Nxc6.} Nxc6 (11... Bxc6 12. Bxc5 bxc5 13. Qg5 {
Just wins a pawn.}) 12. Bxc5 bxc5 13. Na4 Qe5 14. Qd6 $1 {and c5 falls.}) 11...
d6 $1 {A strong resource which was completely missed.} 12. Nxd6 {We have a
forced sequence of moves.} ({Maybe it was the lesser of evils to continue with
} 12. h4 $5 a6 13. Nd4 {White still has some chances to gain a slight edge.})
12... Rd8 13. Bxc5 bxc5 14. Qf4 f6 15. Qg3 a6 $1 (15... e5 16. Ndb5 {is better
for White, as Black doesn't have sufficient compensation for the pawn.}) 16.
Be2 ({A better option was} 16. Na4 $5 e5 (16... Nd4 17. e5 $1 {This is what I
didn't see very deeply.} (17. Nxb7 Qxb7 {is bad for White.}) 17... fxe5 (17...
Bc6 18. Nxc5 $16) 18. Nxb7 Nef5 19. Qe1 Qxb7 20. Bd3 {with a much more active
version than in the game!}) 17. Nxb7 Rxd1+ 18. Kxd1 Qxb7 {looks tricky...but
Black has nothing forcing.} 19. Kc1 Qb4 20. Nc3 Nd4 21. Qf2 Rb8 22. Bd3 {
Though the computer shows its favourite 0.00 assessment, at least White is
still a pawn up.}) 16... Nd4 17. e5 ({Again it was preferable to aim for} 17.
Nxb7 Qxb7 18. Rd2) 17... fxe5 18. Nxb7 Nef5 19. Qf2 Qxb7 {[%csl Gd4][%cal
Ga8b8] Surprisingly Black's pawn structure is not at all important and in fact
he has the initiative.} 20. Bd3 Rab8 21. Rhe1 Qc7 22. g4 {An unnecessary
weakening with the hope that some threats on the kingside will compensate for
the weak f3-pawn.} ({Of course I had to play} 22. Kb1 Qa5 23. Qd2 $1 {This pin
on the d-file was bit annoying after} Nc6 24. Nd5 $1 {A fantastic resource
which I missed.} Qxd2 25. Rxd2 Nd6 26. Ne3 e4 $1 {with an equal game.}) 22...
Nd6 23. Re3 Rb4 $1 24. Qh4 (24. b3 Qa5 $1 {with a strong attack.}) 24... h6 25.
Rxe5 {This was the trick I was counting on!} Rdb8 $1 {Now here I realised to
my horror that Black's attack is unstoppable! While my kingside attack is only
an illusion...} (25... Nxf3 26. Rxc5 $1 Qb6 27. Qe7 Re8 28. Qc7 $16) (25...
Nxc4 {is also winning.} 26. Rxc5 (26. Bxc4 Rxc4) 26... Qf4+ 27. Kb1 Rxb2+ 28.
Ka1 Nc2+ 29. Bxc2 Rxd1+ {with mate.}) 26. Rxe6 $5 {Let's funk it up!!} ({
I rejected} 26. g5 $5 {because of} Nxc4 $1 {winning.} (26... Nf7 $5 {was my
opponent's intention.}) (26... Nxf3 27. Qg3 Nxe5 28. Qxe5 {offers lots of hope.
})) 26... Rxb2 $1 {Ramirez was on top form this game!} ({Also winning was} 
26... Nxe6 27. Nd5 Qb7 $1 28. b3 {with some threats, though it shouldn't
bother Black too much.} (28. Ne7+ Kf7 $1 29. Bg6+ Kf8 {is also equally
hopeless.})) 27. Nd5 Qa5 $1 {This position was a lot of fun to analyse during
the game and also in post-mortem. Unfortunately I don't have any way to
continue my illusionary attack.} 28. Qh5 (28. Rxd6 {(and Rxh6) allows} Rc2+ 29.
Bxc2 Ne2# {was a cute mate.}) (28. Ne7+ Kf7 {is just nothing.}) (28. Re7 Rb1+
29. Bxb1 Qa3+ 30. Kd2 Nxf3+ {winning the queen.}) 28... Nxe6 {The easiest.} 29.
Ne7+ Kf8 30. Ng6+ Kf7 (30... Ke8 31. Ne5+ {and Black will have to return to
the game continuation.}) 31. Qe5 Qa3 32. Nh8+ Kg8 33. Qxe6+ Kxh8 {Finally
checks run out and with it my chances of prolonging the game :).} 0-1

[Event "Interzonal-16"]
[Site "Biel"]
[Date "1993.??.??"]
[Round "6"]
[White "Salov, Valery"]
[Black "Gurevich, Mikhail"]
[Result "1-0"]
[WhiteElo "2685"]
[BlackElo "2605"]
[Annotator "Ambroz,J"]
[PlyCount "131"]
[EventDate "1993.07.16"]
[EventType "swiss"]
[EventRounds "13"]
[EventCountry "SUI"]
[SourceTitle "CBM 037"]
[Source "ChessBase"]
[SourceDate "1993.12.01"]
[SourceVersion "1"]
[SourceVersionDate "1993.12.01"]
[SourceQuality "1"]

1. c4 {Stohl Salov} Nf6 2. Nc3 c5 3. Nf3 e6 4. g3 b6 5. Bg2 Bb7 6. O-O Be7 7.
d4 cxd4 8. Qxd4 d6 9. b3 a6 (9... Nbd7 $142 {Stohl} 10. e4 (10. Nb5 Nc5 11. Rd1
d5 12. cxd5 exd5 $1 $13) 10... Nc5 $132) (9... O-O {Stohl} 10. Rd1 $14 (10. Ba3
Na6 $1 (10... Nc6 11. Qf4 d5 12. Bxe7 Nxe7 13. Rfd1 (13. Ne5 $5 $36) 13... Ng6
14. Qe3 Qe7 15. cxd5 Nxd5 16. Nxd5 Bxd5 17. Nd4 Bxg2 18. Kxg2 Rac8 19. Rd2 Rfd8
$10 {Ftacnik,L-Adams,M/Manila izt/1990/}) 11. Rfd1 Nc5 12. Nb5 Nfe4 13. b4 Na4
14. Qe3 a6 15. Nbd4 Rc8 16. Nd2 Nxd2 17. Bxb7 Nxc4 18. Qb3 Rc7 19. Bxa6 Nxa3
20. Qxa4 Nc4 $10 {Schwartzmann,G-Ribli,Z/Odorheiu Secuiesc/1993/})) 10. Ba3 Nc6
(10... O-O $5 {/\ 11.Rfd1 Ne8}) (10... O-O {Stohl} 11. Rfd1 Ne8 12. Ne4 (12. e4
$5 {()}) (12. Qd3 Qc7 13. Ne4 Bxe4 14. Qxe4 d5 15. cxd5 Bxa3 16. Ng5 Nf6 17.
Qa4 h6 18. Nxe6 fxe6 19. dxe6 Ra7 20. Qxa3 Qe5 21. Qd6 $13 {Korcnhoi,
V-Greenfeld,A/Beersheba/1988/}) 12... Ra7 $1 13. Rac1 (13. Nxd6 $2 Bxf3 14.
Bxf3 Rd7 $19) 13... Bxe4 14. Qxe4 Rd7 15. Nd4 Nf6 16. Qc2 Qc7 17. Qd3 (17. Bh3
$5 $36) 17... Rc8 18. Bh3 Rdd8 19. Nxe6 fxe6 20. Bxe6+ Kh8 21. Bxc8 $14 {
Badea,B-Siekanski,J/Oakham/1990/}) 11. Qf4 d5 12. Bxe7 Nxe7 13. Ne5 O-O (13...
Qc7 $5 {Salov} 14. Rac1 (14. cxd5 Qxc3 15. Rac1 Qa5 16. Nc4 (16. Nxf7 O-O $1)
16... Nexd5 17. Qe5 Qb4 $13) 14... dxc4 15. Nxc4 Qxf4 16. gxf4 Bxg2 17. Kxg2
Ned5 18. Nxd5 Nxd5 19. Kf3 $16) 14. Rfd1 (14. Rac1 {Stohl} Ra7 15. Rfd1 Qa8 16.
Na4 Nc8 17. c5 bxc5 18. Nxc5 $16 {Gronn,A-Friedman,A/Lyngby op/1990/}) 14...
Qb8 (14... Qc7 {Salov} 15. Ng6 Rfc8 16. Qxc7 Rxc7 17. Nxe7+ Rxe7 18. cxd5 $16)
15. cxd5 Nexd5 16. Nxd5 exd5 (16... Nxd5 17. Bxd5 $1 Bxd5 18. Nd7 (18. Nd7 {
Stohl} Qxf4 19. gxf4 $18 {/\Nb6-d5})) (16... Bxd5 17. e4 (17. Bxd5 $5 Nxd5 18.
Qd4 Qb7 $5 19. Rac1 Rac8 20. Rxc8 Rxc8 21. e4 Nf6 22. Qd8+ Ne8 $10 23. Rd7 $14)
17... Bb7 18. Nd7 $5 (18. Rac1 h6 $5 {/\ Nh5} (18... Rd8 $2 19. Rxd8+ Qxd8 20.
Nxf7 $1 $16 {Karpov-Hansen,L, Thessaloniki 1988} Qd4 21. Qd6 Qb2 22. Rf1 Re8
23. Qc7 Ba8 24. Ng5 h6 25. Qf7+ Kh8 26. e5 {1-0}) 19. Nd7 (19. g4 Nxg4 $17) (
19. Nc6 $5) 19... Qxf4 20. gxf4 Nxd7 21. Rxd7 Rac8 $1 22. Rcc7 Rxc7 (22... Bc6
$2 23. Rxf7 $1) 23. Rxc7 Ba8 24. b4 Rd8 $10) 18... Qxf4 19. gxf4 Nxd7 20. Rxd7
Rab8 21. Rc1 Rfd8 22. Rxd8+ Rxd8 23. Rc7 Ba8 24. e5 $1 $14 Bxg2 25. Kxg2 Kf8
26. Rb7) 17. Nd3 $1 Re8 (17... Qxf4 18. Nxf4 Rad8 (18... Rfe8 $5 19. e3 (19.
Rd2 Rad8 (19... Ne4 20. Rd3) 20. Rad1) 19... Rad8 20. Rac1 Kf8 21. Rc7 Re7 $10
{Sieg-Dankert, Deutschland 1989}) 19. Rac1 (19. Rd4) 19... Rd7 20. e4 $5 d4 (
20... dxe4 21. Rxd7 Nxd7 22. Rc7 Bc8 (22... Nc5 23. b4) 23. Nd5 $16) 21. Nd5
Nxd5 (21... Nxe4 22. Bxe4 (22. Nxb6 $5) 22... Bxd5 23. Rxd4) 22. exd5 Bxd5 23.
Rxd4 Be6 24. Rxd7 Bxd7 25. Rc7 $14) 18. e3 a5 $6 (18... Qxf4 19. Nxf4 Rad8) (
18... h6 $5) 19. Rac1 Re7 $6 20. Qd4 $1 Qd6 (20... Qd8 $142 {Stohl} 21. Nf4 Rd7
$16) 21. Nf4 Rd8 (21... Rd7 22. e4 $1 $16) (21... Qa3 {Stohl} 22. Nxd5 Nxd5 23.
Bxd5 $18 {/\} Qxa2 24. Bxb7 Rxb7 25. Qd8+) 22. Nxd5 $1 Bxd5 23. Bxd5 Red7 (
23... Nxd5 {Stohl} 24. Qxd5 Qxd5 25. Rxd5 $18 {_|_><b6,<->c,d}) 24. Bf3 (24. e4
$6 {Stohl} h6 $14) 24... Qxd4 25. Rxd4 Rxd4 26. exd4 Kf8 27. Rc6 Rxd4 (27... b5
28. Rc5) 28. Rxb6 a4 29. Rb8+ Ke7 30. Rb7+ Kf8 31. bxa4 (31. b4 Rd2 (31... Rd2
{Salov} 32. b5 Rxa2 33. b6 Rb2 (33... a3 {Stohl} 34. Ra7 Rb2 35. b7 a2 36. Rxa2
$18) 34. Rb8+ Ke7 35. b7 Nd7 36. Ra8 Kd6 (36... Rb4 {Stohl} 37. Bc6 $18) 37.
Rxa4 Nc5 38. Ra7 Ke6 39. Kg2 Rb3 40. Ra3 $1 Rb4 (40... Rb5 41. Ra5 $1 $18) 41.
Ra8 Nxb7 42. Rb8 $18)) 31... Rxa4 32. Rb8+ Ke7 33. Ra8 $1 $16 Rc4 34. Kg2 (34.
Ra7+ $1 Ke8 35. a4 {/\ a5}) 34... Nd7 35. Ra7 Kd6 36. Bd1 $5 f5 $1 (36... f6 {
Stohl} 37. Ba4 Nb6 38. Bb3 $18) 37. Bb3 (37. Ba4 $1 {Salov} Nc5 38. Bb3 Nxb3
39. axb3 Rg4 40. h3 (40. f4 $18 {Stohl}) 40... Rg5 41. f4 Rg6 42. Ra6+ $18)
37... Rb4 38. Ra6+ Ke7 39. Rc6 Rb7 40. h4 Rb4 41. Rc7 (41. h5 $1 h6 (41... Nf6
42. h6 $18 gxh6 43. Re6+) 42. Rg6 Kf8 43. Ra6 Ke7 (43... Nf6 44. Ra8+ Ke7 45.
Ra7+ $18) 44. Ra7 $16 (44. Ra4 $5 Rb5 45. Ra7 $18 {/\ Rd7})) 41... Rd4 $1 42.
Ra7 Kd6 43. Kf1 (43. Kf3 $5 {Stohl /\Ke3}) 43... Rd2 (43... f4 {Stohl} 44. Ke2
$18) 44. Ke1 Rb2 45. Ra6+ Kc7 46. Ra5 g6 47. Rd5 Nf6 48. Rd2 Rb1+ 49. Ke2 f4 $6
(49... Ne4 $142 $5 50. Rc2+ Kd6 51. Ke3 Re1+ 52. Kf4 Rf1 53. f3 Nc5 54. Rd2+
$14) 50. Kf3 (50. gxf4 $6 {Stohl} Rh1 $14) 50... fxg3 51. fxg3 h6 (51... Nd7 {
Stohl} 52. Kf4 $18 {/\Kg5-h6}) 52. Rd1 $1 $18 Rxd1 (52... Rb2 53. Rc1+ (53. Re1
$1 {Salov} Kd7 $1 54. Re2 Rxe2 (54... Rb1 55. Bc2 $18) 55. Kxe2 g5 $16) (53.
Rd4 {Stohl} g5 $5 $132) 53... Kd6 54. Re1 Nd7 55. Re6+ Kc7 56. Ke3 Nc5 (56...
g5 57. Rxh6) 57. Rxg6 Nxb3 58. axb3 Rxb3+ 59. Kf4 $18) 53. Bxd1 g5 54. Ke3 (54.
hxg5 {Salov} hxg5 55. Ke3 Kd6 56. Kd4 g4 $1) 54... gxh4 55. gxh4 Kd6 56. Kd4
Nd5 57. Bf3 Nf4 58. Ke4 (58. a4 $18 {Stohl}) 58... Ng6 59. h5 Ne7 60. Be2 Nd5
61. Kf5 Ke7 62. Ke5 Nf6 (62... Nc3 {Salov} 63. Bc4 Nxa2 64. Bxa2 Kf8 65. Kf6
$18) 63. a4 Nd7+ 64. Kf5 Nc5 65. a5 Ne6 (65... Nb3 {Salov} 66. a6 Nd4+ 67. Kg6
Nxe2 68. a7 $18) (65... Kf7 {Stohl} 66. Bc4+ Kg7 67. Ke5 $18 (67. a6 $4 Nxa6
$10)) 66. a6 1-0

[Event "St Petersburg"]
[Site "St Petersburg"]
[Date "1997.04.20"]
[Round "4"]
[White "Aseev, Konstantin N"]
[Black "Yudasin, Leonid"]
[Result "1-0"]
[WhiteElo "2530"]
[BlackElo "2600"]
[Annotator "Aseev,K"]
[PlyCount "80"]
[EventDate "1997.??.??"]
[EventType "tourn"]
[EventRounds "11"]
[EventCountry "RUS"]
[EventCategory "14"]
[SourceTitle "CBM 059"]
[Source "ChessBase"]
[SourceDate "1997.08.01"]
[SourceVersion "1"]
[SourceVersionDate "1997.08.01"]
[SourceQuality "1"]

1. Nf3 {Hecht} c5 2. c4 Nf6 3. Nc3 e6 4. g3 b6 5. Bg2 Bb7 6. O-O Be7 7. d4 cxd4
8. Qxd4 Nc6 (8... O-O 9. Rd1 Nc6 10. Qf4 d6 11. b3 Qb8 (11... Qd7 $2 12. Bb2
$16 {Szabo-Tatai, Sarajevo 1972 - 13/67}) 12. Bb2 Rd8 13. e4 a6 14. Qe3 $14 {
Taimanov,M-Kholmov,R/ URS-ch1967/}) 9. Qf4 Qb8 (9... O-O 10. e4 d6 11. Rd1 Qb8
12. b3 $14 {Portisch-Tatai, Palma de Mallorca 1971}) 10. Rd1 O-O 11. Ng5 $5 (
11. e4 Qxf4 $6 12. Bxf4 Rfd8 13. e5 Ne8 14. Nd4 Na5 (14... Rac8 $5) 15. b3 $14
{1-0 Petrosian,T-Portisch,L/Palma de Mallorca cqf 1974/CAND (34)}) (11. Qxb8
Raxb8 12. Bf4 $14) 11... Rd8 (11... Qxf4 12. Bxf4 $14) 12. Nge4 (12. b3 $5)
12... Nxe4 $146 (12... Na5 13. Qxb8 Raxb8 14. Bf4 Rbc8 15. Bd6 Kf8 16. Bxe7+
Kxe7 17. Nd6 Rb8 18. Nxb7 Nxb7 19. b3 a6 20. e3 Rdc8 21. Rac1 $14 {1/2-1/2
Aseev,K-Kholmov,R/Brno-B 1991/CBM 26 (42)}) 13. Bxe4 Na5 14. b3 Bf6 15. Bxb7
Nxb7 16. Qxb8 (16. Qf3 $5 Qc8 17. Bb2 (17. Bd2 Qc6 18. e4 $6 Nc5 {/\} 19. Re1
Bxc3 20. Bxc3 f5) 17... Qc6 18. e4 $14) 16... Raxb8 17. Bd2 $14 Rbc8 (17... d5
18. cxd5 exd5 19. Rac1 $14) 18. Rac1 Rc6 (18... Be7 $5) 19. Be3 a6 $6 (19... Z0
20. Nb5 a6 21. Na7 $18) (19... Be5 $142 $14 20. Nb5 Bb8) 20. Na4 b5 (20... Nc5
$4 21. Nxb6 Rxb6 22. Bxc5 $18) 21. Nb6 d5 $2 (21... bxc4 $2 22. Nxd7 $18) (
21... d6 $142 22. cxb5 Rxc1 23. Rxc1 axb5 {/\} 24. Rc7 Rb8 25. Nd7 Bd8) 22.
cxd5 Rxc1 23. Rxc1 exd5 24. Rc7 d4 (24... Na5 25. Bd2 $5 Be5 26. Ra7 $16) 25.
Bf4 Nd6 26. Nd5 $138 Ne4 27. Nxf6+ gxf6 {Hecht: sehr schlechte schwarze
Bauernstruktur und nach baldigem Lh6 eingklemmter schwarzer König.} (27... Nxf6
28. Ra7 $16) 28. Ra7 Nc3 29. Kf1 Re8 30. Rxa6 (30. Bh6 $5) 30... Rxe2 (30...
Nxe2 31. Bh6 $5 (31. Rxf6 $5)) 31. Bh6 Re8 (31... Rxa2 32. Rd6 Ra8 (32... Rxf2+
33. Kg1 $18) 33. Rxd4 $18) 32. Rd6 Nxa2 33. Rxd4 $18 {eingekreister Springer}
f5 (33... Nc3 {Hecht} 34. Rg4+ Kh8 35. Bg7+ Kg8 36. Bxf6+ $18) (33... Kh8 {
Hecht} 34. Rg4 Rg8 (34... f5 35. Rg5 f6 36. Rxf5 $18 {[%csl Rb5,Rf6]}) 35.
Rxg8+ Kxg8 36. Bd2 $18) 34. Rd5 Nc3 35. Rxf5 Re6 36. Bd2 Ne4 37. Be3 Kg7 (37...
Nd6 38. Rd5 $18) 38. Rxb5 f6 39. Rb7+ Kg6 40. b4 Nc3 1-0